[Event "Mazowiec-chT op 1819"]
[Site "Warsaw"]
[Date "2019.01.13"]
[Round "5.16"]
[White "Banasiak, Adam"]
[Black "Mossakowski, Jakub"]
[Result "0-1"]
[WhiteElo "1435"]
[BlackElo "1116"]
[PlyCount "148"]
[EventDate "2018.12.02"]
[EventType "team-swiss"]
[EventRounds "10"]
[EventCountry "POL"]
[SourceTitle "EXT 2020"]
[Source "ChessBase"]
[SourceDate "2019.10.17"]
[SourceVersion "1"]
[SourceVersionDate "2019.10.17"]
[SourceQuality "1"]

1. e4 d6 2. d4 g6 3. Nf3 Bg7 4. Nc3 a6 5. Be3 b5 6. a3 Bb7 7. Qd2 Nd7 8. Be2 Ngf6 9. d5 Ng4 10. Bd4 Nge5 11. Nxe5 dxe5 12. Be3 0-0 13. 0-0 Re8 14. Bg4 Nf6 15. Bf3 Qd6 16. b4 Rad8 17. Bc5 Qd7 18. Rad1 e6 19. d6 cxd6 20. Qxd6 Qxd6 21. Bxd6 Rc8 22. Bxe5 Nh5 23. Bxg7 Kxg7 24. Rd3 Nf4 25. Re3 Re7 26. e5 Bxf3 27. Rxf3 Rec7 28. Rxf4 Rxc3 29. Ra1 Rxc2 30. Re4 R8c3 31. Kf1 Rb2 32. Re2 Rbb3 33. Rea2 Rd3 34. Ke1 Kh6 35. a4 Rxb4 36. axb5 axb5 37. Ra7 Kg7 38. Ke2 Rd5 39. g3 Rxe5+ 40. Kf1 Rd5 41. Re1 Rb2 42. Rxe6 Rdd2 43. f4 Rxh2 44. Kg1 Rbg2+ 45. Kf1 Rxg3 46. Ree7 Kf6 47. Rxf7+ Ke6 48. Rae7+ Kd6 49. Re5 Rb3 50. Rf6+ Kd7 51. Rf7+ Kc6 52. Rf6+ Kc7 53. Kg1 Rd2 54. Re1 Rbd3 55. Re7+ Rd7 56. Re5 b4 57. Rc5+ Kd8 58. Rf8+ Ke7 59. Rh8 Kd6 60. Rb5 Rb2 61. Rhb8 Ke6 62. R8b6+ Kf7 63. Rb7 Rxb7 64. Rxb7+ Kf6 65. Rb5 h6 66. Kf1 g5 67. fxg5+ hxg5 68. Ke1 g4 69. Kf1 g3 70. Kg1 b3 71. Kf1 Rf2+ 72. Kg1 b2 73. Rb8 Rc2 74. Rf8+ Ke7 0-1